| 000 | 01259nam a22002177a 4500 | ||
|---|---|---|---|
| 999 |
_c168643 _d168643 |
||
| 005 | 20191018115726.0 | ||
| 010 | _aB-730570 | ||
| 020 |
_a9789353093754 _c40.00 |
||
| 035 | _aB-730570 | ||
| 037 | _bडी.बी.ए.डी./ उपहार | ||
| 082 | _aक | ||
| 100 | _aमिश्रा, अमृताश | ||
| 245 |
_aपापा को पढ़ाना / _cअमृताश मिश्रा ; जैनब ताम्बावाला द्वारा चित्रांकित ; स्वागता सेन पिल्लै द्वारा हिन्दी अनुवाद |
||
| 260 |
_aनई दिल्ली _bप्रथम बुक्स _c2018 |
||
| 270 |
_a#621, 2nd floor, 5th Main, OMBR Layout, Banaswadi, _bBengaluru _e560043 _k+91 80 42052574, 91 11 41042483 |
||
| 300 |
_a16पृ. _bसचित्र _c14x20 सेमी (अजिल्द) |
||
| 700 |
_928835 _aजैनब ताम्बावाला |
||
| 700 |
_928836 _aपिल्लै, स्वागता सेन |
||
| 942 |
_2ddc _cCH _hक _mमिश्राअ |
||